Computer-integrated manufacturing / (Record no. 32493)

000 -LEADER
fixed length control field 01200cam a22003254a 4500
001 - CONTROL NUMBER
control field 13474284
003 - CONTROL NUMBER IDENTIFIER
control field OSt
005 - DATE AND TIME OF LATEST TRANSACTION
control field 20211214161457.0
008 - FIXED-LENGTH DATA ELEMENTS--GENERAL INFORMATION
fixed length control field 040130s2004 njua b 001 0 eng
010 ## - LIBRARY OF CONGRESS CONTROL NUMBER
LC control number 2004001895
020 ## - INTERNATIONAL STANDARD BOOK NUMBER
International Standard Book Number 0131134132
038 ## - RECORD CONTENT LICENSOR
Staff Name khadija
040 ## - CATALOGING SOURCE
Original cataloging agency DLC
Transcribing agency DLC
Modifying agency DLC
-- DLC
042 ## - AUTHENTICATION CODE
Authentication code pcc
050 00 - LIBRARY OF CONGRESS CALL NUMBER
Classification number TS155.63
Item number .R45 2004
082 00 - DEWEY DECIMAL CLASSIFICATION NUMBER
Classification number 670.285
Edition number 22
Author Mark REH
100 1# - MAIN ENTRY--PERSONAL NAME
Personal name Rehg, James A.
9 (RLIN) 86642
245 10 - TITLE STATEMENT
Title Computer-integrated manufacturing /
Statement of responsibility, etc. James A. Rehg, Henry W. Kraebber.
250 ## - EDITION STATEMENT
Edition statement 3rd ed.
260 ## - PUBLICATION, DISTRIBUTION, ETC.
Place of publication, distribution, etc. Upper Saddle River, NJ :
Name of publisher, distributor, etc. Pearson Prentice Hall,
Date of publication, distribution, etc. c2004.
300 ## - PHYSICAL DESCRIPTION
Extent xvii, 574 p. :
Other physical details ill. ;
Dimensions 24 cm.
Accompanying material + 1 CD-ROM (4 3/4 in.)
504 ## - BIBLIOGRAPHY, ETC. NOTE
Bibliography, etc. note Includes bibliographical references and index.
563 ## - BINDING INFORMATION
Binding note PB
650 #0 - SUBJECT ADDED ENTRY--TOPICAL TERM
Topical term or geographic name entry element Computer integrated manufacturing systems.
9 (RLIN) 86643
700 1# - ADDED ENTRY--PERSONAL NAME
Personal name Kraebber, Henry W.
9 (RLIN) 86644
856 41 - ELECTRONIC LOCATION AND ACCESS
Materials specified Table of contents
Uniform Resource Identifier <a href="http://www.loc.gov/catdir/toc/ecip0414/2004001895.html">http://www.loc.gov/catdir/toc/ecip0414/2004001895.html</a>
906 ## - LOCAL DATA ELEMENT F, LDF (RLIN)
a 7
b cbc
c orignew
d 1
e ecip
f 20
g y-gencatlg
942 ## - ADDED ENTRY ELEMENTS (KOHA)
Source of classification or shelving scheme
Koha item type Book
Holdings
Withdrawn status Lost status Source of classification or shelving scheme Damaged status Not for loan Permanent Location Current Location Shelving location Date acquired Full call number Barcode Date last seen Price effective from Koha item type
          School of Mechanical & Manufacturing Engineering (SMME) School of Mechanical & Manufacturing Engineering (SMME) General Stacks 09/29/2015 670.285 REH SMME-1269 03/28/2018 09/29/2015 Book
© 2023 Central Library, National University of Sciences and Technology. All Rights Reserved.